00826nam a22001817a 4500003000900000008004100009040007100050082001700121245007700138260003000215300004500245440006200290505020200352650002700554650001500581650001700596700003100613AR-CdUCM190425b ||||| |||| 00| 0 spa d aMUNICIPALIDAD PROVINCIAL DEL CUSCOcBIBLIOTECA MUNICIPAL DEL CUSCO aSE/N°6/2018 aRevista Sociedad Empresarial /cCastro Manyari, Carlos Alberto, Director aCusco.bLetter´s,c2018. a23 páginas. :bilustraciones ;c29 cm. aRevista Sociedad Empresarial.nAño 2, N°6, marzo 2018. aContenido: Desarrollo sostenible. -- Desarrollo económico local hacia una responsabilidad entre el gobierno y el sector privado. -- Desarrollo y ecología. -- Emprendiendo bien emprendiendo. ... aDesarrollo económico aEcología aTecnología aCárdenas Herrera, Silvia